00369 a2200145 4500001000700000003000400007005001700011008004100028082001400069100002000083245005900103260003200162300001000194700001900204067279OSt20211108142209.0  a547bA48O1 aAhluwalia, V.K.1 aOrganic chemistrycby V.K. Ahluwalia and R.K. Parashar aNew DelhibViva Booksc2009 a407p. aParashar, R.K.